Statistiques concernant Palmarès du Golden Boy

Cliquez ici pour prendre le quiz!

Statistiques générales

  • Ce quiz a été pris 285 fois
    (101 depuis la dernière actualisation)
  • Le résultat moyen est 15 sur 21

Statistiques - réponses

SAISONPOSTEPAYSCLUB(S)JOUEUR% Correct
2019/20ATTNorvègeBorussia DortmundErling Haaland
97%
2016/17ATTFranceAS Monaco / PSGKylian Mbappé
97%
2020/21MILEspagneFC BarcelonePedri
93%
2022/23MILAngleterreBorussia Dortmund / Real MadridJude Bellingham
92%
2012/13MILFranceJuventusPaul Pogba
92%
2021/22MILEspagneFC BarceloneGavi
91%
2004/05ATTArgentineFC BarceloneLionel Messi
91%
2018/19ATTPortugalSL Benfica / Atlético MadridJoao Félix
89%
2014/15ATTFranceAS Monaco / Manchester UnitedAnthony Martial
88%
2017/18DEFPays-BasAjaxMatthijs de Ligt
86%
2015/16MILPortugalSL Benfica / Bayern MunichRenato Sanches
77%
2009/10ATTItalieInter Milan / Manchester CityMario Balotelli
68%
2003/04ATTAngleterreEverton / Manchester UnitedWayne Rooney
66%
2006/07ATTArgentineAtlético MadridSergio Agüero
65%
2013/14ATTAngleterreLiverpoolRaheem Sterling
64%
2005/06MILEspagneArsenalCesc Fabregas
62%
2008/09ATTBrésilAC MilanAlexandre Pato
55%
2010/11ATTAllemagneBorussia DortmundMario Götze
55%
2011/12MILEspagneMalagaIsco
51%
2007/08MILBrésilManchester UnitedAnderson
36%
2002/03MILPays-BasAjaxRafael van der Vaart
22%

Distribution des résultats

Percentile par nombre de réponses

% des personnes avec chaque résultat

Votre développement - résultats

Vous n’avez pas pris ce quiz depuis la dernière actualisation